000
00267nam a22001217a 4500
008
260227b ||||| |||| 00| 0 eng d
041
_a
eng
080
_a
2.1
100
_a
19
101
_a
mena
245
_a
Managment
_c
Berim Ramosaj, Izet Zeqiri
942
_2
udc
_c
BK
999
_c
60866
_d
60866